| 000 | 01730nam a2200337 a 4500 | ||
|---|---|---|---|
| 003 | CO-PeBPR | ||
| 005 | 20260501085833.0 | ||
| 008 | 260415e2024 ck a|||| n||| 00| 0 spa c | ||
| 020 | _a9786280158709 | ||
| 040 | 0 |
_aCO-PeBPR _bspa _cCO-PeBPR _erda |
|
| 041 | 0 | _hspa | |
| 082 | 0 | 4 | _a581.9 G633h |
| 100 | 1 |
_aGómez Aguaquiña, José Manuel _eautor |
|
| 245 | 1 | 0 |
_aHerbario Muysca _c/ José Manuel Gómez Aguaquiña ; ilustraciones de Mariana Piraquive Gómez... [y otros diecisiete] |
| 250 | _aEdición especial | ||
| 264 | 1 |
_aBogotá, Colombia _b: Carlos Palacio _c, 2024 |
|
| 300 |
_a87 páginas. _b: ilustraciones a color _c; 24 centímetros |
||
| 336 |
_atexto _btxt _crdacontenido |
||
| 337 |
_asin mediación _bn _2rdamedio |
||
| 338 |
_avolumen _bnc _2rdasoporte |
||
| 490 | _aPlan Nacional de Lectura, Escritura y Oralidad / Ministerio de las Culturas, las Artes y los Saberes. | ||
| 500 | _aContiene datos biográficos del autor e ilustradores. | ||
| 504 | _aIncluye bibliografía. | ||
| 520 | _aEl libro herbario Muysca es un portal al reconocimiento de algunas de las plantas nativas significadas, admiradas y utilizadas por los pueblos muyscas-campesinos de la región cundiboyacense, tanto en el pasado como en el presente; así como el descubrimiento de sus particularidades botánicas y etnobotánicas, y de las características que poseen los valiosos y amenazados territorios a los que pertenecen. Tomado de la contracubierta del libro. | ||
| 521 | _aRecomendado para jóvenes y adultos. | ||
| 650 | 1 | 4 |
_2LEMB _aEtnobotánica _zBoyacá (Colombia) |
| 650 | 1 | 4 |
_2LEMB _aMedicina indígena |
| 650 | 1 | 4 |
_2LEMB _aMuiscas _xRitos y ceremonias |
| 700 | 1 |
_aPiraquive Gómez, Mariana _eilustradora |
|
| 942 |
_2ddc _cBK |
||
| 999 |
_c17835 _d17835 |
||